000 00590nam a2200205Ia 4500
003 OSt
005 20230329150506.0
008 210423s2008 xx 000 0 und d
020 _a8178242346
040 _cAL
041 _aeng
082 _a820.954 KUMP
100 _aKUMAR (Priya).
_979697
245 _aLimiting secularism: the ethics of coexistence in Indian literature and film.
260 _bOrient Longman
_c2008
300 _axxvii,299
_bHB
365 _b695
_cINR
906 _acoexistence ; ethics ; film. ; Indian ; Limiting ; literature ; secularism:
942 _2ddc
_cBK
999 _c156424
_d156424